What Every Country in the EU is Worst At - Statistics

General Stats
  • This quiz has been taken 20 times
  • The average score is 16 of 27
Answer Stats
Country What It Performs Worst At % Correct
Finland Highest Depression Rate
76%
Netherlands Most Cyclist Deaths Among Road Accident Fatalities
76%
Austria Most Youth Smokers
71%
France Lowest English Proficiency
71%
Germany Least Homeownership Rate
71%
Greece Highest Debt-to-GDP Ratio
71%
Lithuania Highest S**cide rate
71%
Bulgaria Least Freedom of the Press
65%
Hungary Highest Value Added Tax
65%
Poland Least Doctors Per Capita
65%
Belgium Worst Traffic
59%
Denmark Least Zaras (store) Per Capita
59%
Italy Most Tax Fraud
59%
Portugal Lowest Birth Rate
59%
Cyprus Fewest 18-year-olds in School
53%
Czechia Most Slavery
53%
Estonia Highest Gender Pay Gap
53%
Ireland Highest Rate of Cystic Fybrosis
53%
Latvia Most Prisoners Per 100,000 People
53%
Malta Hardest Place to Open a Business
53%
Romania Least Cinemas per Capita
47%
Slovakia Lowest Voter Turnout
47%
Slovenia Most Alcohol Deaths
47%
Spain Highest Dropout Rate
47%
Croatia Least Erasmus Participation
41%
Luxembourg Lowest Education Spending
41%
Sweden Fewest Hospital Beds Per Capita
35%
No matching quizzes found
Score Distribution
Percent of People with Each Score
Percentile by Number Answered
Your Score History
You have not taken this quiz